| 000 | 01974nam a2200541 i 4500 | ||
|---|---|---|---|
| 001 | 56039 | ||
| 003 | KOSZ 005 | ||
| 005 | 20210629150234.0 | ||
| 008 | 060130s2005 pl a f f |001 0 pol | ||
| 015 | _aUWD 2006/1771 | ||
| 020 | _a8320429927 | ||
| 035 | _a991029328419705066 | ||
| 035 | _a(PL-WaBN)b17924480-48omnis_nlop | ||
| 035 | _ab17924480 | ||
| 035 | _a(OCoLC)749573462 | ||
| 035 | _azz2005815353 | ||
| 035 | _a(PL)b0000001792448 | ||
| 035 | _a(EXLNZ-48OMNIS_NETWORK)9910461556705606 | ||
| 040 |
_aWA N _cWA N _dWA N _dKOSZ 005/HR |
||
| 041 | 1 |
_apol _heng |
|
| 046 | _k2005 | ||
| 080 | _a003.26 | ||
| 080 | _a004.056 | ||
| 080 | _a(075.8) | ||
| 100 | 1 |
_aMenezes, Alfred _d(1965- ) _eAutor |
|
| 245 | 1 | 0 |
_aKryptografia stosowana / _cAlfred J. Menezes, Paul C. van Oorschot, Scott A. Vanstone ; z ang. przeł. Elżbieta Andrukiewicz (koordynacja tł.) [et al.] |
| 246 | 1 |
_iTyt. oryg.: _aHandbook of applied cryptography, _f1997 |
|
| 260 |
_aWarszawa : _bWydawnictwa Naukowo-Techniczne, _c2005. |
||
| 300 |
_a1095, [1] s. : _bil. ; _c25 cm. |
||
| 336 |
_aTekst _btxt _2rdacontent |
||
| 337 |
_aBez urządzenia pośredniczącego _bn _2rdamedia |
||
| 338 |
_aWolumin _bnc _2rdacarrier |
||
| 380 | _aKsiążki | ||
| 490 | 1 | _aTAO Tajemnica, Atak, Obrona | |
| 504 | _aBibliogr. s. 943-1066. Indeks. | ||
| 650 | 7 |
_aKryptologia _2DBN |
|
| 650 | 7 |
_aSzyfry _2DBN |
|
| 655 | 7 |
_aPodręczniki akademickie _2DBN |
|
| 658 | _aInformatyka i technologie informacyjne | ||
| 700 | 1 |
_aVan Oorschot, Paul C. _d(1962- ) _eAutor |
|
| 700 | 1 |
_aVanstone, S. A. _d(1947- ) _eAutor |
|
| 700 | 1 |
_aAndrukiewicz, Elżbieta _eTłumaczenie _dTłumaczenie |
|
| 710 | 2 |
_aWydawnictwa Naukowo-Techniczne _4pbl |
|
| 830 | 0 | _aTAO Tajemnica, Atak, Obrona | |
| 856 |
_uhttp://koha.tu.koszalin.pl/cgi-bin/koha/opac-detail.pl?biblionumber=56039 _yKatalog online BPK |
||
| 942 |
_2UKD _cKS |
||
| 999 |
_c56039 _d56039 |
||